00376nam a2200121Ia 4500008004000000082001300040100002100053245006200074260003500136300001100171440000600182650006600188210210b1985 xxu||||| |||| 00| 0 eng d a581 MODE aCHAUHAN (R K S). aModern textbook of botany: Taxonomy of angiosperms. Vol.3 abUniversal publicationsc1985 avi,101 a3 aTaxonomy, Angiosperms, embryology, economic botony, anatomy